000 00405nam a2200145Ia 4500
008 230917s9999||||xx |||||||||||||| ||und||
040 _e42324
_aMAIN
041 _aEnglish
082 _a820.9 G352L
100 _aGibbsons, Tom
245 0 _aLiterature and awareness: an introduction to the close reading of prose and verse
260 _aMelbourne
_bEdward Arnold
_c1979
300 _a133 p.
942 _cBK
999 _c35329
_d35329